000 00419nam a2200181Ia 4500
001 1109
005 20260306140607.0
008 260306t2005||||xx |||||||||||||| ||spa||
041 _aESP
082 _a182
_bY31
100 _aYarza, Iñaki
_eAUT
245 0 _aHistoria de la filosofía antigua
260 _c2005
300 _a314 páginas :
_c24 cm.
650 _aGEN
654 _aCHU
942 _cLIB
_dJUS
_fJUS
_2ddc
_n
999 _c1109
_d1109